000 00570nam a2200193 a 4500
001 000907304
003 AM-YEHGA
005 20250617163835.0
008 120721s1962 ru r 000 0 rus d
040 _aAM-YeHGA
041 0 _arus
100 1 _aВоловченко, Иван Платонович
245 1 0 _aГорох /
_cИ.П. Воловченко.
260 _aМосква :
_bИзд-во МСХ РСФСР,
_c1962.
300 _a20 с. :
_bрис. ;
_c21 см.
650 1 4 _aБахчевые культуры
650 1 4 _aГорох
090 _c517095
999 _c513580
_d513580